| 000 | 01018nas a2200313 4500 | ||
|---|---|---|---|
| 001 | BR2018001501 | ||
| 003 | BR-BrBNA | ||
| 005 | 20231205131352.0 | ||
| 007 | ta | ||
| 008 | 230509b bl.|||p| |||| 00| 00por d | ||
| 040 |
_aBR-BrBNA _bpor _cBiblioteca Nacional de Agricultura |
||
| 041 | _a(En) | ||
| 072 | _aF30 | ||
| 100 | 1 | _aMorais, P.P.P. | |
| 100 | 1 | _aSouza, M.B. e | |
| 100 | 1 | _aBalli, G. | |
| 100 | 1 | _aAndrade, L.R.B. e | |
| 100 | 1 | _aFritsche Neto, R. | |
| 100 | 1 | _aOliveira, A.B. de | |
| 245 | 1 | _aYield components and reproductive, physiological, and root traits used in early selection for nitrogen use efficiency in corn | |
| 650 | _aMILHO | ||
| 650 | _aNITROGÊNIO | ||
| 650 | _aSELEÇÃO | ||
| 650 | _aLINHAGEM | ||
| 773 | 0 |
_tPesquisa Agropecuária Brasileira (Brazil) _xISSN 1678-3921 _g(May 2018), v. 53(5) p. 620-632 _wBR2018001501 |
|
| 856 | 4 | 0 | _uhttp://seer.sct.embrapa.br/index.php/pab/article/view/25308/14210 |
| 909 |
_a202311 _bLúcia _c55 _dLúcia Elande |
||
| 942 |
_2AGRIS _n0 _cANA |
||
| 999 |
_c254428 _d254428 |
||